| 000 | 00864cam a2200217 i 4500 | ||
|---|---|---|---|
| 999 |
_c57443 _d57443 |
||
| 001 | 17585063 | ||
| 005 | 20220922121425.0 | ||
| 008 | 130109s2017 maua b 001 0 eng | ||
| 020 | _a9789332585478 | ||
| 080 | _a577.2 M-79 | ||
| 245 | 0 | 0 |
_aMolecular biology of the gene / _cJames D. Watson, Tania A. Baker, Alexander Gann, Michael Levine, Richard Losik, |
| 250 | _aSeventh edition | ||
| 264 | 1 |
_aBoston : _bPearson, _c2017. |
|
| 300 |
_a872 pages : _billustrations ; _c28 cm. |
||
| 653 | _aმედიცინა | ||
| 653 | _aმოლეკულური ბიოლოგია | ||
| 700 | 1 |
_aWatson, James D., _d1928- _97287 |
|
| 906 |
_a7 _bcbc _corignew _d1 _eecip _f20 _gy-gencatlg |
||
| 942 |
_2udc _cBK |
||
| 955 |
_bxh11 2013-01-09 _ixh11 2013-01-09 to Dewey _axn07 2013-03-11 1 copy rec'd., to CIP ver. _axh00 2013-06-24 to STM ; _ahc08 2013-11-18 rev. |
||